Tratado de las asambleas /

Guardado en:
Autor Principal: Molina Sandoval, Carlos A.
Formato: Libro
Idioma:Spanish
Publicado: Buenos Aires : Abeledo Perrot, 2009.
Edición:1a. ed.
Materias:
Etiquetas: Agregar Etiqueta
Sin Etiquetas, Sea el primero en etiquetar este registro!
LEADER 00475nam a22001575a 4500
001 DER.der010776
008 180615s2009####ag#||||||||||||||#||spa||
005 20251006140234.0
245 1 0 |a Tratado de las asambleas /  |c Carlos A. Molina Sandoval. 
250 |a 1a. ed. 
260 |a Buenos Aires :  |b Abeledo Perrot,  |c 2009. 
300 |a 1145 p. 
020 |a 9789502019925 
100 1 |a Molina Sandoval, Carlos A. 
650 7 |a DERECHO SOCIETARIO 
859 |a DERECHO  |b BIB. DERECHO  |h 346.07  |i MOL  |p 006495